All Teams to Ever Play a FIFA Club World Cup - Statistics

General Stats
  • This quiz has been taken 52 times
  • The average score is 28 of 70
Answer Stats
# Confederation Top Finish Team % Correct
5 UEFA Winner Real Madrid
98%
4 UEFA Winner Barcelona
91%
2 CONMEBOL Winner Internacional
89%
1 UEFA Winner Internazionale
89%
2 UEFA Winner Bayern Munchen
87%
2 UEFA Winner Chelsea
87%
2 UEFA Winner Manchester United
87%
1 UEFA Winner Milan
85%
2 UEFA Winner Liverpool
83%
1 CONMEBOL Runners-up Boca Juniors
79%
2 CONMEBOL Runners-up River Plate
79%
2 CONMEBOL Runners-up Palmeiras
72%
1 CONMEBOL Runners-up Santos
72%
1 CONMEBOL Winner São Paulo
68%
2 CONMEBOL Winner Corinthians
66%
1 CONMEBOL Runners-up Flamengo
66%
1 CONMEBOL Runners-up Grêmio
64%
7 CAF 3rd Place Al Ahly
62%
3 CONCACAF 4th Place América
55%
1 CONMEBOL 3rd Place Atlético Mineiro
53%
1 CONCACAF Runners-up Tigres
53%
1 CONMEBOL Runners-up San Lorenzo
51%
2 AFC 4th Place Al-Hilal
49%
1 CONMEBOL Runners-up LDU
49%
5 CONCACAF 3rd Place Monterrey
49%
1 CONMEBOL Runners-up Vasco da Gama
49%
1 CONMEBOL 3rd Place Atlético Nacional
47%
1 CONCACAF 6th Place Chivas Guadalajara
45%
1 CONMEBOL Runners-up Estudiantes
45%
3 CAF Runners-up TP Mazembe
45%
9 OFC 3rd Place Auckland City
43%
2 AFC Runners-up Kashima Antlers
38%
2 CAF Runners-up Raja Casablanca
38%
4 CONCACAF 3rd Place Pachuca
36%
1 AFC Runners-up Al-Ain
34%
1 AFC Group Stage Al Nassr
34%
1 CAF 6th Place Mamelodi Sundowns
34%
2 AFC 4th Place Guangzhou Evergrande
32%
1 CONCACAF 4th Place Cruz Azul
30%
1 AFC 3rd Place Gamba Osaka
30%
1 CONCACAF 3rd Place Deportivo Saprissa
28%
1 CAF 6th Place Wydad Casablanca
28%
2 AFC 6th Place Ulsan Hyundai
26%
1 AFC 7th Place Al-Ahli
23%
2 AFC 4th Place Al-Jazira
23%
2 AFC 3rd Place Urawa Red Diamonds
23%
1 AFC 4th Place Al-Ittihad
21%
1 CAF 5th Place ES Sétif
21%
1 AFC 5th Place Sydney FC
21%
1 CAF 4th Place Étoile du Sahel
19%
2 AFC 5th Place Jeonbuk Hyundai Motors
17%
2 AFC 3rd Place Sanfrecce Hiroshima
17%
1 AFC 3rd Place Pohang Steelers
15%
1 AFC 5th Place Adelaide United
13%
1 OFC 7th Place AS Pirae
13%
1 CAF 7th Place Moghreb Tétouan
13%
2 AFC 3rd Place Al-Sadd
11%
1 CONCACAF 4th Place Atlante
11%
1 AFC 4th Place Kashiwa Reysol
11%
1 CONCACAF 3rd Place Necaxa
11%
1 AFC 6th Place Western Sydney Wanderers
11%
2 OFC 7th Place Waitakere United
9%
1 AFC 5th Place Al-Duhail
6%
1 OFC 7th Place Hekari United
6%
1 OFC 7th Place Hienghène Sport
6%
1 OFC 7th Place Team Wellington
6%
1 AFC 6th Place Al-Wahda
4%
1 AFC 4th Place Seongnam Ilhwa Chunma
4%
1 AFC Group Stage South Melbourne
4%
1 AFC 5th Place Sepahan
2%
No matching quizzes found
Score Distribution
Percent of People with Each Score
Percentile by Number Answered
Your Score History
You have not taken this quiz